[Event "CAN-op rapid Online"]
[Site "Chess.com"]
[Date "2021.05.15"]
[Round "3"]
[White "Bilski, Simon"]
[Black "Alikaj, Noel"]
[Result "1-0"]
[WhiteElo "1216"]
[BlackElo "1361"]
[PlyCount "131"]
[EventDate "2021.05.15"]
[EventType "swiss (rapid)"]
[EventRounds "10"]
[EventCountry "CAN"]

1. d4 d5 2. c4 dxc4 3. Nc3 e6 4. e4 Nc6 5. Nf3 Nf6 6. Bg5 Be7 7. Bxc4 a6 8. O-O
O-O 9. a3 b5 10. Ba2 Bb7 11. Re1 h6 12. Bh4 Ng4 13. Bxe7 Qxe7 14. h3 Nf6 15. e5
Nd7 16. Rc1 Nb6 17. Ne4 Nd7 18. b4 Rfd8 19. Qd3 Ncxe5 20. dxe5 Nxe5 21. Qc3 Nc6
22. Nc5 Bc8 23. Red1 Ra7 24. Rxd8+ Nxd8 25. Ne5 Qd6 26. Ne4 Qe7 27. Nc6 Nxc6
28. Qxc6 Bb7 29. Qxc7 Bxe4 30. Qxe7 Rxe7 31. f3 Bb7 32. Bb1 Re8 33. Rc7 Bd5 34.
Ra7 Ra8 35. Rd7 Rc8 36. Kh2 g6 37. Ra7 Rc1 38. Be4 Bxe4 39. fxe4 Rc4 40. Rxa6
Rxe4 41. Rb6 Re5 42. Ra6 Kf8 43. a4 bxa4 44. Rxa4 Ke7 45. Ra7+ Ke8 46. Rb7 f5
47. b5 Kd8 48. Rb6 Kc7 49. Rc6+ Kd7 50. Rb6 h5 51. Rb7+ Kd6 52. Rg7 Rxb5 53.
Rxg6 f4 54. Rf6 Rf5 55. Rxf5 exf5 56. Kg1 Ke5 57. Kf2 Ke4 58. Ke2 Ke5 59. Kf3
Kf6 60. Kxf4 Kg6 61. Kf3 Kg5 62. Kg3 h4+ 63. Kf3 f4 64. Ke4 Kh5 65. Kxf4 Kg6
66. Kg4 1-0

[Event "CAN-op rapid Online"]
[Site "Chess.com"]
[Date "2021.05.15"]
[Round "3"]
[White "Dahal, Raj"]
[Black "Turcotte, Jonathan"]
[Result "1-0"]
[WhiteElo "1818"]
[BlackElo "1954"]
[PlyCount "55"]
[EventDate "2021.05.15"]
[EventType "swiss (rapid)"]
[EventRounds "10"]
[EventCountry "CAN"]

1. Nf3 d5 2. d4 Nf6 3. e3 Bf5 4. Be2 h6 5. Nc3 e6 6. O-O c5 7. Bb5+ Nc6 8. Ne5
Rc8 9. Re1 Be7 10. Ne2 Qb6 11. a4 O-O 12. Bxc6 bxc6 13. c3 Rfd8 14. Ng3 Bh7 15.
f4 Rc7 16. Qf3 cxd4 17. exd4 c5 18. a5 Qb3 19. f5 cxd4 20. fxe6 fxe6 21. cxd4
Qxf3 22. Nxf3 Ne4 23. Bf4 Rc2 24. Re2 Rdc8 25. Rae1 Bb4 26. Rxc2 Rxc2 27. Re2
Rc1+ 28. Bxc1 1-0

[Event "CAN-op rapid Online"]
[Site "Chess.com"]
[Date "2021.05.15"]
[Round "3"]
[White "Heran-Boily, Samuel"]
[Black "Chelkowski, Jan"]
[Result "1-0"]
[WhiteElo "1770"]
[BlackElo "1202"]
[PlyCount "71"]
[EventDate "2021.05.15"]
[EventType "swiss (rapid)"]
[EventRounds "10"]
[EventCountry "CAN"]

1. e4 e5 2. Nf3 Nc6 3. Bb5 a6 4. Ba4 Nf6 5. d3 h6 6. O-O Bc5 7. Re1 Ng4 8. Re2
O-O 9. h3 Nf6 10. c3 Re8 11. Nbd2 b5 12. Bc2 d5 13. Qe1 d4 14. Nf1 b4 15. Ba4
Bd7 16. Bxc6 Bxc6 17. cxb4 Ba7 18. Ng3 Bb5 19. Qd1 Rb8 20. a4 Bd7 21. Bd2 Qe7
22. Rc1 Rbc8 23. Be1 Nh7 24. Qb3 Be6 25. Qa3 Bd7 26. Rec2 c6 27. b5 cxb5 28.
Qxe7 Rxe7 29. Rxc8+ Bxc8 30. Rxc8+ Nf8 31. Nf5 Re6 32. axb5 axb5 33. Bb4 Ra6
34. Rxf8+ Kh7 35. Rxf7 Ra1+ 36. Kh2 1-0

[Event "CAN-op rapid Online"]
[Site "Chess.com"]
[Date "2021.05.15"]
[Round "3"]
[White "Husek, Paul"]
[Black "Nemani Dhruv, Sai Venkat"]
[Result "0-1"]
[WhiteElo "1252"]
[BlackElo "1231"]
[PlyCount "120"]
[EventDate "2021.05.15"]
[EventType "swiss (rapid)"]
[EventRounds "10"]
[EventCountry "CAN"]

1. e4 e6 2. d4 d5 3. exd5 exd5 4. Nf3 Be6 5. h3 Be7 6. Bd3 Nf6 7. O-O h6 8. Nc3
O-O 9. Re1 Re8 10. Bf4 Bd6 11. Bxd6 cxd6 12. Qd2 Nc6 13. a3 a5 14. Bb5 Re7 15.
Ba4 Nd7 16. Bb3 Nb6 17. Qf4 a4 18. Ba2 Qc7 19. Nb5 Qb8 20. Qxd6 Qxd6 21. Nxd6
Rd8 22. Nb5 Nc4 23. Bxc4 dxc4 24. Rad1 Red7 25. Nc3 Nxd4 26. Nxd4 Rxd4 27. Rxd4
Rxd4 28. Rd1 Rxd1+ 29. Nxd1 b5 30. c3 f5 31. g3 g5 32. Kh2 Kg7 33. f4 g4 34.
hxg4 fxg4 35. Ne3 Kg6 36. Kg2 h5 37. Kf2 Kf6 38. Kg2 Kg6 39. Kf2 Kf6 40. Nc2
Kg6 41. Ke3 h4 42. gxh4 Kh5 43. Nd4 Bd7 44. Kf2 Kxh4 45. f5 Kg5 46. Kg3 Bxf5
47. Nxb5 Bc2 48. Nd6 Bb3 49. Ne4+ Kf5 50. Nd2 Ba2 51. Nf1 Ke4 52. Kxg4 Kd3 53.
Kf4 Kc2 54. Ne3+ Kxb2 55. Ke4 Kxc3 56. Nd5+ Kb3 57. Kd4 Kxa3 58. Nc3 Bb3 59.
Nb5+ Kb2 60. Nc3 a3 0-1

[Event "CAN-op rapid Online"]
[Site "Chess.com"]
[Date "2021.05.15"]
[Round "3"]
[White "Lemay, Nyima"]
[Black "Cliche, Victor"]
[Result "1-0"]
[WhiteElo "1100"]
[BlackElo "1269"]
[PlyCount "27"]
[EventDate "2021.05.15"]
[EventType "swiss (rapid)"]
[EventRounds "10"]
[EventCountry "CAN"]

1. d4 c5 2. Nf3 cxd4 3. Nxd4 e5 4. Nf3 Nf6 5. Bg5 Be7 6. Nc3 Nc6 7. Qd2 O-O 8.
O-O-O Qa5 9. a3 b5 10. Nd5 Nxd5 11. Qxd5 Bxg5+ 12. Nxg5 Qb6 13. Qd3 b4 14.
Qxh7# 1-0

[Event "CAN-op rapid Online"]
[Site "Chess.com"]
[Date "2021.05.15"]
[Round "3"]
[White "Mehri, Shikib"]
[Black "Li, Jack"]
[Result "0-1"]
[WhiteElo "1092"]
[BlackElo "1320"]
[PlyCount "52"]
[EventDate "2021.05.15"]
[EventType "swiss (rapid)"]
[EventRounds "10"]
[EventCountry "CAN"]

1. e4 c6 2. d4 d5 3. Nc3 dxe4 4. Nxe4 Nf6 5. Nxf6+ exf6 6. Nf3 Bd6 7. Be3 O-O
8. Bd3 Re8 9. Qd2 a5 10. a3 Na6 11. O-O-O Nc7 12. c4 b5 13. cxb5 cxb5 14. Kb1
b4 15. a4 Bd7 16. b3 Nd5 17. Kb2 Be6 18. Be4 Rc8 19. Bxd5 Bxd5 20. Ne1 Re7 21.
f3 Qe8 22. Bf2 Re2 23. Nd3 Rxd2+ 24. Rxd2 Rc3 25. Rf1 Rxb3+ 26. Ka1 Qxa4+ 0-1

[Event "CAN-op rapid Online"]
[Site "Chess.com"]
[Date "2021.05.15"]
[Round "3"]
[White "Mendes, Aaron Reeve"]
[Black "Suresh, Pavan"]
[Result "1-0"]
[WhiteElo "1773"]
[BlackElo "1122"]
[PlyCount "79"]
[EventDate "2021.05.15"]
[EventType "swiss (rapid)"]
[EventRounds "10"]
[EventCountry "CAN"]

1. d4 g6 2. Bf4 Bg7 3. Nc3 c6 4. e4 d6 5. Bc4 Qb6 6. Nge2 Nd7 7. O-O Ngf6 8.
Bb3 O-O 9. h3 Nh5 10. Bh2 c5 11. dxc5 Nxc5 12. Nd5 Qd8 13. Nxe7+ Kh8 14. Bxd6
Nxe4 15. Nxc8 Re8 16. Bxf7 Rxc8 17. Bxe8 Qxe8 18. Nf4 Rd8 19. Nxh5 gxh5 20. Re1
Qc6 21. Qf3 Nxd6 22. Qxc6 bxc6 23. Rad1 Bxb2 24. Re6 Ba3 25. Rd3 Bb4 26. a3 Bc5
27. Rc3 Nb7 28. Rxc6 Rd1+ 29. Kh2 Bd6+ 30. g3 Rd2 31. Kg2 Be5 32. Rc8+ Kg7 33.
R3c7+ Bxc7 34. Rxc7+ Kf6 35. Rxb7 Rxc2 36. Rxh7 Ra2 37. Rxa7 Ke5 38. Ra5+ Kf6
39. Rxh5 Kg6 40. Ra5 1-0

[Event "CAN-op rapid Online"]
[Site "Chess.com"]
[Date "2021.05.15"]
[Round "3"]
[White "Turgeon-Dalpe, Alexandre"]
[Black "Neves, Leonardo"]
[Result "0-1"]
[WhiteElo "1236"]
[BlackElo "1674"]
[PlyCount "52"]
[EventDate "2021.05.15"]
[EventType "swiss (rapid)"]
[EventRounds "10"]
[EventCountry "CAN"]

1. e4 c6 2. Nc3 d5 3. Nf3 Nf6 4. e5 Ne4 5. Nxe4 dxe4 6. Ng5 Bf5 7. Bc4 e6 8.
Qh5 Bg6 9. Qh4 Be7 10. Nxe6 Bxh4 11. Nxd8 Bxd8 12. d3 Nd7 13. d4 a5 14. c3 b5
15. Bb3 a4 16. Bc2 f6 17. Bf4 fxe5 18. dxe5 O-O 19. O-O-O Nc5 20. Rhe1 Rxf4 21.
g3 Rxf2 22. h4 a3 23. b3 Be7 24. b4 Nd3+ 25. Bxd3 exd3 26. Rd2 Raf8 0-1

[Event "CAN-op rapid Online"]
[Site "Chess.com"]
[Date "2021.05.15"]
[Round "4"]
[White "Alikaj, Noel"]
[Black "Mehri, Shikib"]
[Result "1/2-1/2"]
[WhiteElo "1361"]
[BlackElo "1092"]
[PlyCount "98"]
[EventDate "2021.05.15"]
[EventType "swiss (rapid)"]
[EventRounds "10"]
[EventCountry "CAN"]

1. e4 c5 2. Nf3 Nc6 3. Nc3 g6 4. d4 cxd4 5. Nxd4 Bg7 6. Be3 Nf6 7. f3 O-O 8.
Bb5 a6 9. Bxc6 bxc6 10. Qd2 Rb8 11. Rb1 c5 12. Nb3 d6 13. h4 Be6 14. g4 d5 15.
Nxc5 dxe4 16. N5xe4 Nxe4 17. Nxe4 Rxb2 18. Rxb2 Bxb2 19. Qb4 Bg7 20. a3 Qc8 21.
c3 Bd5 22. Kf2 Bxe4 23. Qxe4 Qxc3 24. Qa4 Qb2+ 25. Kg3 Be5+ 26. f4 Bd6 27. Qxa6
Qc3 28. Kf3 Bc5 29. Qe2 Qxa3 30. Rc1 Bxe3 31. Qxe3 Qxe3+ 32. Kxe3 Rb8 33. Kf3
e6 34. Kg3 Kg7 35. g5 f6 36. Rc7+ Kf8 37. gxf6 Rb3+ 38. Kg4 h6 39. Re7 Rb6 40.
Rg7 Rb1 41. Rxg6 Rg1+ 42. Kh5 Rf1 43. Rg4 Kf7 44. Kxh6 Kxf6 45. h5 Rc1 46. Rh4
Rc8 47. Kh7 Rc7+ 48. Kg8 Rc8+ 49. Kh7 Rc7+ 1/2-1/2

[Event "CAN-op rapid Online"]
[Site "Chess.com"]
[Date "2021.05.15"]
[Round "4"]
[White "Cliche, Victor"]
[Black "Husek, Paul"]
[Result "1-0"]
[WhiteElo "1269"]
[BlackElo "1252"]
[PlyCount "67"]
[EventDate "2021.05.15"]
[EventType "swiss (rapid)"]
[EventRounds "10"]
[EventCountry "CAN"]

1. e4 c5 2. Nc3 Nc6 3. Nf3 d6 4. Bc4 e6 5. O-O Nf6 6. Re1 a6 7. a4 Be7 8. d4
cxd4 9. Nxd4 O-O 10. Nf3 Na5 11. Bd3 h6 12. h3 d5 13. e5 Ne8 14. Nh2 f6 15. Ng4
fxe5 16. Nxe5 Qb6 17. Be3 Qxb2 18. Bd4 Qb4 19. Ne2 Bf6 20. c3 Qd6 21. f4 Bxe5
22. Bxe5 Qc5+ 23. Bd4 Qc6 24. Rb1 Nf6 25. Rb6 Qd7 26. Ng3 Nc6 27. Bc5 Re8 28.
Bg6 Rd8 29. Nh5 Ne4 30. Qc2 Nxc5 31. Bh7+ Kf8 32. f5 Ne4 33. Rf1 Ne7 34. fxe6+
1-0

[Event "CAN-op rapid Online"]
[Site "Chess.com"]
[Date "2021.05.15"]
[Round "4"]
[White "Lemay, Nyima"]
[Black "McAlpin, John-Francis"]
[Result "0-1"]
[WhiteElo "1100"]
[BlackElo "1451"]
[PlyCount "30"]
[EventDate "2021.05.15"]
[EventType "swiss (rapid)"]
[EventRounds "10"]
[EventCountry "CAN"]

1. e4 e5 2. Nf3 Nc6 3. Bb5 a6 4. Bxc6 dxc6 5. Nxe5 Qd4 6. Nf3 Qxe4+ 7. Qe2
Qxe2+ 8. Kxe2 Bg4 9. Kf1 O-O-O 10. g3 Bxf3 11. Rg1 Nf6 12. Nc3 Bc5 13. d3 Rhe8
14. Bd2 Ng4 15. Re1 Nxh2# 0-1

[Event "CAN-op rapid Online"]
[Site "Chess.com"]
[Date "2021.05.15"]
[Round "4"]
[White "Li, Jack"]
[Black "Heran-Boily, Samuel"]
[Result "1/2-1/2"]
[WhiteElo "1320"]
[BlackElo "1770"]
[PlyCount "83"]
[EventDate "2021.05.15"]
[EventType "swiss (rapid)"]
[EventRounds "10"]
[EventCountry "CAN"]

1. e4 e6 2. b3 d5 3. Bb2 Nc6 4. Bb5 Bd7 5. exd5 exd5 6. Qe2+ Qe7 7. Nc3 Nf6 8.
O-O-O O-O-O 9. Nf3 Re8 10. Rhe1 Qc5 11. Qf1 a6 12. Bxc6 Bxc6 13. Ne5 d4 14.
Nxc6 Qxc6 15. Rxe8+ Nxe8 16. Nb1 Bc5 17. d3 Nd6 18. Re1 Re8 19. Rxe8+ Qxe8 20.
Nd2 Nb5 21. Ne4 Bb4 22. f3 Qc6 23. Qf2 Nc3 24. Nxc3 Bxc3 25. Bxc3 Qxc3 26. Kb1
a5 27. a4 c6 28. Qe2 Kd7 29. g4 b5 30. axb5 cxb5 31. h4 a4 32. bxa4 bxa4 33.
Qe4 a3 34. Qd5+ Ke7 35. Qe5+ Kd8 36. Qd6+ Ke8 37. Qe5+ Kd7 38. Qd5+ Ke7 39.
Qe5+ Kd8 40. Qd6+ Ke8 41. Qe5+ Kd7 42. Qd5+ 1/2-1/2

[Event "CAN-op rapid Online"]
[Site "Chess.com"]
[Date "2021.05.15"]
[Round "4"]
[White "Mendes, Aaron Reeve"]
[Black "Stojanovski, Sandi"]
[Result "1/2-1/2"]
[WhiteElo "1773"]
[BlackElo "2247"]
[PlyCount "97"]
[EventDate "2021.05.15"]
[EventType "swiss (rapid)"]
[EventRounds "10"]
[EventCountry "CAN"]

1. d4 Nf6 2. Bf4 b6 3. e3 Bb7 4. Nf3 e6 5. Bd3 d5 6. Nbd2 Bd6 7. Bg3 c5 8. c3
Nc6 9. e4 Bxg3 10. hxg3 cxd4 11. cxd4 dxe4 12. Nxe4 h6 13. O-O O-O 14. a3 Rc8
15. Rc1 Qe7 16. Nxf6+ Qxf6 17. Be4 Rc7 18. Ne5 Rfc8 19. Bxc6 Bxc6 20. Qc2 Qe7
21. Nxc6 Qd6 22. Qa4 Rxc6 23. Rxc6 Rxc6 24. Qxa7 Rc4 25. Rd1 Rxd4 26. Qa8+ Kh7
27. Qe4+ Rxe4 28. Rxd6 Re1+ 29. Kh2 b5 30. Rb6 Re5 31. b3 f5 32. f4 Rd5 33.
Rxe6 Rd3 34. b4 Rxa3 35. Re5 Kg6 36. Rxb5 Rb3 37. Rb6+ Kh5 38. b5 Rb1 39. Rb7
g5 40. fxg5 hxg5 41. b6 Kg6 42. Rb8 Kg7 43. g4 f4 44. b7 Kh7 45. g3 Rb2+ 46.
Kh3 Rb3 47. Rf8 Rxb7 48. gxf4 Rb3+ 49. Kg2 1/2-1/2

[Event "CAN-op rapid Online"]
[Site "Chess.com"]
[Date "2021.05.15"]
[Round "4"]
[White "Neves, Leonardo"]
[Black "Chanot, Frederic"]
[Result "1-0"]
[WhiteElo "1674"]
[BlackElo "1154"]
[PlyCount "79"]
[EventDate "2021.05.15"]
[EventType "swiss (rapid)"]
[EventRounds "10"]
[EventCountry "CAN"]

1. e4 e5 2. Nf3 Nc6 3. Bc4 d6 4. d4 Be7 5. Nc3 Bg4 6. d5 Nd4 7. Be2 Nf6 8. Nxd4
Bxe2 9. Ndxe2 Qd7 10. Ng3 c6 11. Bg5 O-O-O 12. Qe2 cxd5 13. Bxf6 Bxf6 14. Nxd5
Kb8 15. O-O-O Bg5+ 16. Kb1 g6 17. Rd3 f5 18. Rhd1 f4 19. Nf1 Rc8 20. f3 Rc4 21.
Nd2 Rc5 22. Nb3 Rc4 23. Nc3 Be7 24. Rxd6 Bxd6 25. Qxc4 Rd8 26. Nb5 Qe7 27. Nxd6
Rxd6 28. Rxd6 Qxd6 29. Qg8+ Kc7 30. Qd5 Qxd5 31. exd5 Kd6 32. c4 a6 33. Nd2 b5
34. Ne4+ Ke7 35. c5 Kd7 36. Kc2 a5 37. Kc3 b4+ 38. Kc4 h6 39. Kb5 b3 40. axb3
1-0

[Event "CAN-op rapid Online"]
[Site "Chess.com"]
[Date "2021.05.15"]
[Round "4"]
[White "Suresh, Pavan"]
[Black "Turgeon-Dalpe, Alexandre"]
[Result "1-0"]
[WhiteElo "1122"]
[BlackElo "1236"]
[PlyCount "113"]
[EventDate "2021.05.15"]
[EventType "swiss (rapid)"]
[EventRounds "10"]
[EventCountry "CAN"]

1. e4 c5 2. Nf3 Nc6 3. Bb5 Nf6 4. Bxc6 bxc6 5. d3 d5 6. exd5 cxd5 7. O-O e6 8.
Bg5 Be7 9. Bxf6 Bxf6 10. c3 e5 11. Nbd2 O-O 12. Re1 Bg4 13. h3 Bh5 14. Qc2 Re8
15. Rad1 Rc8 16. c4 d4 17. Rb1 Bxf3 18. Nxf3 g6 19. Re2 Bg7 20. Rbe1 Qd6 21.
Qa4 Re7 22. Qa3 f5 23. Qb3 Rce8 24. Qc2 Qc6 25. Nd2 f4 26. f3 Bf6 27. Ne4 g5
28. b3 Bg7 29. Nxg5 Qh6 30. Ne4 Bf8 31. Nf2 Rg7 32. Rxe5 Rxe5 33. Rxe5 Qg6 34.
Ne4 h6 35. Qe2 Be7 36. Nxc5 Bh4 37. Re8+ Kh7 38. Qe4 Qxe4 39. Rxe4 Re7 40.
Rxe7+ Bxe7 41. Ne6 Bf6 42. Nxf4 Be5 43. Nd5 Kg7 44. c5 Kf7 45. c6 Ke8 46. b4
Kd8 47. b5 Kc8 48. f4 Bd6 49. g4 Kd8 50. g5 hxg5 51. fxg5 Be5 52. h4 Bg3 53. h5
Bh4 54. g6 Ke8 55. c7 Kd7 56. g7 Kd6 57. g8=Q 1-0

[Event "CAN-op rapid Online"]
[Site "Chess.com"]
[Date "2021.05.15"]
[Round "4"]
[White "Turcotte, Jonathan"]
[Black "Bilski, Simon"]
[Result "1-0"]
[WhiteElo "1954"]
[BlackElo "1216"]
[PlyCount "83"]
[EventDate "2021.05.15"]
[EventType "swiss (rapid)"]
[EventRounds "10"]
[EventCountry "CAN"]

1. d4 Nf6 2. c4 e6 3. Nf3 d5 4. Nc3 Bb4 5. cxd5 Bxc3+ 6. bxc3 Nxd5 7. Qb3 O-O
8. e4 b6 9. exd5 exd5 10. Be3 Re8 11. Be2 Ba6 12. Bxa6 Nxa6 13. O-O c5 14. dxc5
Nxc5 15. Bxc5 bxc5 16. Rfd1 Rb8 17. Qxd5 Qxd5 18. Rxd5 c4 19. Rd4 Rec8 20. Ne5
Rb2 21. Rxc4 Rxc4 22. Nxc4 Rc2 23. Ne3 Rxc3 24. Kf1 g6 25. Ke2 Rc7 26. Rb1 Kg7
27. Kd3 Rd7+ 28. Kc3 Kf6 29. Rb4 g5 30. g4 Kg6 31. Rc4 f6 32. Rc6 Kf7 33. a4
Rb7 34. a5 Kg6 35. Nd5 Rb5 36. Ne7+ Kf7 37. Rc7 a6 38. Ra7 Ke6 39. Nf5 Rxa5 40.
Kb3 Ra1 41. Rxh7 Rf1 42. Re7+ 1-0

[Event "CAN-op rapid Online"]
[Site "Chess.com"]
[Date "2021.05.15"]
[Round "4"]
[White "Wong, Guoruey"]
[Black "Hemphrey, David"]
[Result "0-1"]
[WhiteElo "1248"]
[BlackElo "1331"]
[PlyCount "38"]
[EventDate "2021.05.15"]
[EventType "swiss (rapid)"]
[EventRounds "10"]
[EventCountry "CAN"]

1. e4 e6 2. d4 d5 3. Nc3 Nf6 4. Bg5 Be7 5. e5 Nfd7 6. Bxe7 Qxe7 7. Nb5 Qd8 8.
Qg4 Kf8 9. f4 a6 10. Na3 h5 11. Qg3 c5 12. c3 Nc6 13. Nc2 Qa5 14. Nf3 Ne7 15.
Bd3 c4 16. Be2 Nf5 17. Qg5 f6 18. exf6 gxf6 19. Qg6 Rh6 0-1

[Event "CAN-op rapid Online"]
[Site "Chess.com"]
[Date "2021.05.15"]
[Round "5"]
[White "Chanot, Frederic"]
[Black "Wong, Guoruey"]
[Result "0-1"]
[WhiteElo "1154"]
[BlackElo "1248"]
[PlyCount "40"]
[EventDate "2021.05.15"]
[EventType "swiss (rapid)"]
[EventRounds "10"]
[EventCountry "CAN"]

1. e4 c5 2. Nf3 d6 3. Nc3 Nf6 4. Bc4 Nc6 5. d4 cxd4 6. Nxd4 Bd7 7. Be3 Rc8 8.
Bb3 g6 9. h4 Bg7 10. f3 Qa5 11. Qd2 a6 12. g4 b5 13. O-O-O Ne5 14. g5 Nh5 15.
f4 Nc4 16. Qf2 Nxb2 17. Kxb2 Qxc3+ 18. Kb1 O-O 19. f5 a5 20. Ne2 Qb2# 0-1

[Event "CAN-op rapid Online"]
[Site "Chess.com"]
[Date "2021.05.15"]
[Round "5"]
[White "Chelkowski, Jan"]
[Black "Cliche, Victor"]
[Result "0-1"]
[WhiteElo "1202"]
[BlackElo "1269"]
[PlyCount "64"]
[EventDate "2021.05.15"]
[EventType "swiss (rapid)"]
[EventRounds "10"]
[EventCountry "CAN"]

1. e4 e6 2. b3 d5 3. exd5 exd5 4. Bb2 Nf6 5. c4 d4 6. Nf3 c5 7. Bd3 Bd6 8. Na3
a6 9. Nc2 O-O 10. O-O Bg4 11. Be2 Qc7 12. g3 Bh3 13. Re1 Qc6 14. Bf1 Bg4 15.
Bg2 Qd7 16. Qe2 Nc6 17. Qd3 h6 18. Ba3 Bf5 19. Qe2 Bxc2 20. d3 Bxd3 21. Qxd3
Rae8 22. Red1 b6 23. Nh4 Ne5 24. Qd2 a5 25. Qc2 d3 26. Qd2 Bc7 27. Bb2 Rd8 28.
Re1 Rfe8 29. Red1 Nh7 30. Be4 Ng5 31. Rac1 Nxe4 32. Qe1 d2 0-1

[Event "CAN-op rapid Online"]
[Site "Chess.com"]
[Date "2021.05.15"]
[Round "5"]
[White "Hemphrey, David"]
[Black "Mendes, Aaron Reeve"]
[Result "1-0"]
[WhiteElo "1331"]
[BlackElo "1773"]
[PlyCount "91"]
[EventDate "2021.05.15"]
[EventType "swiss (rapid)"]
[EventRounds "10"]
[EventCountry "CAN"]

1. d4 d5 2. Nf3 Nf6 3. c4 c6 4. Nc3 e6 5. Bg5 h6 6. Bh4 Bd6 7. a3 Nbd7 8. e3
O-O 9. Be2 e5 10. cxd5 e4 11. Nxe4 Qa5+ 12. b4 Qxd5 13. Nxd6 Qxd6 14. O-O b6
15. Bg3 Qe7 16. Qc2 Bb7 17. Rfd1 Rac8 18. h3 Ne4 19. Bh2 Rfe8 20. Bd3 c5 21.
bxc5 bxc5 22. Qb2 Ba8 23. Rac1 cxd4 24. Nxd4 Ndc5 25. Bf1 Qf6 26. f3 Ng5 27. e4
Qg6 28. Kh1 h5 29. Nf5 Rb8 30. Qxb8 Rxb8 31. Ne7+ Kh7 32. Nxg6 Rb2 33. Nf8+ Kg8
34. Rxc5 f6 35. Rc8 Bb7 36. Rb8 g6 37. Nxg6+ Kg7 38. Rd7+ Kxg6 39. Rdxb7 Rxb7
40. Rxb7 h4 41. Bd3 f5 42. exf5+ Kf6 43. Bg1 Nxf3 44. gxf3 a5 45. f4 a4 46.
Bd4# 1-0

[Event "CAN-op rapid Online"]
[Site "Chess.com"]
[Date "2021.05.15"]
[Round "5"]
[White "Heran-Boily, Samuel"]
[Black "Suresh, Pavan"]
[Result "1-0"]
[WhiteElo "1770"]
[BlackElo "1122"]
[PlyCount "59"]
[EventDate "2021.05.15"]
[EventType "swiss (rapid)"]
[EventRounds "10"]
[EventCountry "CAN"]

1. e4 c5 2. Nf3 Nc6 3. Bb5 a6 4. Bxc6 bxc6 5. O-O g6 6. Nc3 Bg7 7. Re1 Bb7 8.
d3 e6 9. Bg5 Ne7 10. e5 O-O 11. Ne4 Kh8 12. Nxc5 Rb8 13. Ne4 h6 14. Bf6 Bxf6
15. Nxf6 Nd5 16. Ne4 Bc8 17. c4 Nc7 18. Qd2 Kg7 19. Re3 Ne8 20. Nd6 Nxd6 21.
exd6 Qf6 22. d4 c5 23. Ne5 cxd4 24. Qxd4 a5 25. b3 Rd8 26. Rf3 Qg5 27. Nxf7+ e5
28. Nxe5 Rf8 29. Nf7+ Kg8 30. Qh8# 1-0

[Event "CAN-op rapid Online"]
[Site "Chess.com"]
[Date "2021.05.15"]
[Round "5"]
[White "Husek, Paul"]
[Black "Gougeon, Patrick"]
[Result "0-1"]
[WhiteElo "1252"]
[BlackElo "1285"]
[PlyCount "60"]
[EventDate "2021.05.15"]
[EventType "swiss (rapid)"]
[EventRounds "10"]
[EventCountry "CAN"]

1. e4 d5 2. exd5 Qxd5 3. Nc3 Qd6 4. Nf3 Nf6 5. d4 g6 6. h3 Bg7 7. Bc4 O-O 8.
O-O a6 9. a3 b5 10. Ba2 Bb7 11. Be3 Nbd7 12. Qd2 Bxf3 13. gxf3 c5 14. dxc5 Qxd2
15. Bxd2 Nxc5 16. Rfe1 e6 17. Rad1 Rad8 18. Be3 Rxd1 19. Rxd1 Nb7 20. b4 Rc8
21. Rd3 Nh5 22. Bd2 Be5 23. Bb3 Nd6 24. Ne4 Nc4 25. Bxc4 bxc4 26. Rd7 c3 27.
Be3 f5 28. Ng5 f4 29. Bc5 Nf6 30. Nxe6 Nxd7 0-1

[Event "CAN-op rapid Online"]
[Site "Chess.com"]
[Date "2021.05.15"]
[Round "5"]
[White "McAlpin, John-Francis"]
[Black "Li, Jack"]
[Result "0-1"]
[WhiteElo "1451"]
[BlackElo "1320"]
[PlyCount "52"]
[EventDate "2021.05.15"]
[EventType "swiss (rapid)"]
[EventRounds "10"]
[EventCountry "CAN"]

1. e4 c6 2. d4 d5 3. Nc3 dxe4 4. Nxe4 Nf6 5. Nxf6+ exf6 6. Nf3 Bd6 7. Bd3 O-O
8. O-O Re8 9. Re1 Nd7 10. Rxe8+ Qxe8 11. Be3 Nf8 12. h3 Be6 13. c3 Qd7 14. Qc2
Re8 15. Rd1 Bxh3 16. gxh3 Qxh3 17. Qe2 f5 18. Ne5 Re6 19. Qf3 Rg6+ 20. Nxg6
Qxf3 21. Ne7+ Bxe7 22. Re1 Bh4 23. Be2 Qe4 24. Bd1 f4 25. Bd2 Qg6+ 26. Kf1 Qd3+
0-1

[Event "CAN-op rapid Online"]
[Site "Chess.com"]
[Date "2021.05.15"]
[Round "5"]
[White "Nemani Dhruv, Sai Venkat"]
[Black "Alikaj, Noel"]
[Result "1-0"]
[WhiteElo "1231"]
[BlackElo "1361"]
[PlyCount "93"]
[EventDate "2021.05.15"]
[EventType "swiss (rapid)"]
[EventRounds "10"]
[EventCountry "CAN"]

1. e4 c5 2. Nf3 Nc6 3. Bc4 e6 4. Nc3 b6 5. d3 Nf6 6. O-O Be7 7. Bg5 Bb7 8. Bxf6
Bxf6 9. Re1 Bxc3 10. bxc3 O-O 11. d4 d6 12. d5 exd5 13. exd5 Ne7 14. Qd2 Qd7
15. Re2 b5 16. Bxb5 Qxb5 17. Rxe7 Rfe8 18. Rxe8+ Rxe8 19. Rd1 h6 20. h3 Re2 21.
Qd3 Qxd3 22. cxd3 Rxa2 23. c4 Ra3 24. Kh2 Kh7 25. g4 Bc8 26. Kg3 f5 27. g5 hxg5
28. Nxg5+ Kg6 29. Kf4 Ra2 30. f3 Rg2 31. h4 Ra2 32. Re1 Ra3 33. Ne6 Rxd3 34.
Rg1+ Kf6 35. Rxg7 Bxe6 36. Rxa7 Bf7 37. Ra6 Rd4+ 38. Kg3 Ke5 39. f4+ Rxf4 40.
Ra7 Bg6 41. Re7+ Kd4 42. Kxf4 Kxc4 43. Kg5 f4 44. Kxg6 Kxd5 45. h5 f3 46. h6 f2
47. Rf7 1-0

[Event "CAN-op rapid Online"]
[Site "Chess.com"]
[Date "2021.05.15"]
[Round "5"]
[White "Turgeon-Dalpe, Alexandre"]
[Black "Lemay, Nyima"]
[Result "1-0"]
[WhiteElo "1236"]
[BlackElo "1100"]
[PlyCount "62"]
[EventDate "2021.05.15"]
[EventType "swiss (rapid)"]
[EventRounds "10"]
[EventCountry "CAN"]

1. e4 Nc6 2. Nf3 e6 3. d4 d5 4. e5 g6 5. Nc3 Bb4 6. Bd2 Bxc3 7. Bxc3 Nge7 8.
Bd3 O-O 9. h4 Bd7 10. Nh2 b5 11. Ng4 b4 12. Nf6+ Kh8 13. Qd2 Ng8 14. Bxb4 Nxb4
15. Qxb4 Nxf6 16. exf6 Qxf6 17. h5 Rab8 18. Qc3 Rfe8 19. b3 c6 20. hxg6 fxg6
21. Qd2 Re7 22. O-O-O Qxd4 23. Kb1 Rf8 24. f3 Rb8 25. c3 Qb6 26. Ka1 e5 27.
Bxg6 c5 28. Bc2 Ba4 29. Qxd5 Rd8 30. Qxd8+ Qxd8 31. Rxd8+ Kg7 1-0

[Event "CAN-op rapid Online"]
[Site "Chess.com"]
[Date "2021.05.16"]
[Round "6"]
[White "Alikaj, Noel"]
[Black "Chelkowski, Jan"]
[Result "1-0"]
[WhiteElo "1361"]
[BlackElo "1202"]
[PlyCount "99"]
[EventDate "2021.05.15"]
[EventType "swiss (rapid)"]
[EventRounds "10"]
[EventCountry "CAN"]

1. e4 e5 2. Nf3 Nc6 3. Bc4 h6 4. d3 Bc5 5. O-O d6 6. a3 Na5 7. Bxf7+ Kxf7 8. b4
Bb6 9. bxa5 Bxa5 10. Nbd2 Nf6 11. Nc4 Bb6 12. Bb2 Rf8 13. Qd2 Kg8 14. Qc3 Ne8
15. Qb3 Be6 16. Qc3 Qf6 17. Nxb6 cxb6 18. d4 Rc8 19. dxe5 dxe5 20. Qxe5 Qxe5
21. Bxe5 Rxc2 22. Nd4 Rc5 23. Nxe6 Rxe5 24. Nxf8 Kxf8 25. f3 Nd6 26. Rfc1 Re7
27. a4 a6 28. Rab1 b5 29. axb5 Nxb5 30. Rc8+ Kf7 31. Rbc1 Rd7 32. Kf2 Rd2+ 33.
Kg3 Rb2 34. R8c2 Rb3 35. Kf4 g5+ 36. Kg4 Kg6 37. Rd1 h5+ 38. Kg3 h4+ 39. Kg4
Rb4 40. Rcd2 Rc4 41. g3 hxg3 42. hxg3 Rc6 43. Rd7 Nc3 44. R1d6+ Rxd6 45. Rxd6+
Kf7 46. Rd7+ Ke6 47. Rxb7 a5 48. Rb3 Ne2 49. Ra3 Ng1 50. Rxa5 1-0